Estado nacional y sociedad en Costa Rica (1821-1930)
Uloženo v:
| Hlavní autor: | |
|---|---|
| Médium: | Text |
| Vydáno: |
San Pedro de M. de O.:
UCR. IIS
|
| Tagy: |
Přidat tag
Žádné tagy, Buďte první, kdo vytvoří štítek k tomuto záznamu!
|
MARC
| LEADER | 00000 a a2200000 04500 | ||
|---|---|---|---|
| 001 | 19183 | ||
| 003 | |||
| 040 | |||
| 090 | |a 019000 | ||
| 100 | |a Vega Carballo, José Luis | ||
| 245 | |a Estado nacional y sociedad en Costa Rica (1821-1930) | ||
| 260 | |a San Pedro de M. de O.: |b UCR. IIS | ||
| 300 | |a 58 p. | ||
| 999 | |c 16281 |d 16281 | ||
